Code of fair competition for the corset steel industry as submitted on August 30, 1933.

Bibliographic Details
Corporate Author: United States. National Recovery Administration (Author)
Format: Government Document eBook
Language:English
Published: Washington : United States Government Printing Office, 1933.
Subjects:
Online Access:https://purl.fdlp.gov/GPO/gpo48317

MARC

Tag First Indicator Second Indicator Subfields
LEADER 00000cam a2200000 i 4500
001 in00003450413
005 20211120172357.0
006 m o d f
007 cr bn|||||||||
008 140428s1933 dcu o f000 0 eng c
035 |a (OCoLC)ocn878390399 
040 |a GPO  |b eng  |e rda  |e pn  |c GPO  |d MvI  |d UtOrBLW 
042 |a pcc 
043 |a n-us--- 
049 |a WWW 
074 |a 9999 (online) 
086 0 |a Y 3.N 21/8:7 SUB.1118-10 
110 1 |a United States.  |b National Recovery Administration,  |e author. 
245 1 0 |a Code of fair competition for the corset steel industry as submitted on August 30, 1933. 
246 3 0 |a Corset steel industry 
264 1 |a Washington :  |b United States Government Printing Office,  |c 1933. 
300 |a 1 online resource (12 pages) 
336 |a text  |b txt  |2 rdacontent 
337 |a computer  |b c  |2 rdamedia 
338 |a online resource  |b cr  |2 rdacarrier 
500 |a Title from title screen (viewed Apr. 28, 2014). 
500 |a At head of title: National Recovery Administration. 
500 |a "Registry number 1118-10." 
500 |a Publication pre-dates item numbers. No item number has been assigned. 
650 0 |a Corset industry  |z United States  |x Equipment and supplies. 
650 0 |a Fasteners  |z United States. 
776 0 8 |i Print version:  |a United States. National Recovery Administration.  |t Code of fair competition for the corset steel industry as submitted on August 30, 1933  |w (OCoLC)63655221 
856 4 0 |u https://purl.fdlp.gov/GPO/gpo48317  |t 0 
999 |a MARS 
999 f f |s 450856bf-ba37-3ebb-a097-6d0eb498c579  |i 6bc8ebeb-bc55-3bc8-a8a1-d5a3116efa8d  |t 0 
952 f f |a Texas A&M University  |b College Station  |c Electronic Resources  |d Available Online  |t 0  |e Y 3.N 21/8:7 SUB.1118-10  |h Superintendent of Documents classification 
998 f f |a Y 3.N 21/8:7 SUB.1118-10  |t 0  |l Available Online